[Event "4NCL Division 2d"]
[Site "Hinckley Island ENG"]
[Date "2015.05.02"]
[Round "9.29"]
[White "Brown, Tom"]
[Black "Fegan, Chris"]
[Result "0-1"]
[WhiteElo "2042"]
[BlackElo "2097"]
[PlyCount "66"]
[EventDate "2015.05.02"]
[WhiteTeam "Rhyfelwyr Essyllwg 1"]
[BlackTeam "BCM Dragons [1]"]

1. d4 g6 2. c4 Bg7 3. e4 e5 4. d5 d6 5. Nc3 f5 6. exf5 gxf5 7. Qh5+ Kf8 8. Bd3
Nf6 9. Qe2 Na6 10. Bd2 Nc5 11. Bc2 Bd7 12. b4 Na6 13. g3 c5 14. dxc6 bxc6 15.
c5 Bc8 16. cxd6 Qxd6 17. Nh3 Nc7 18. b5 a5 19. a4 Ne6 20. Qd3 Qxd3 21. Bxd3 Nd4
22. bxc6 e4 23. Be3 Ng4 24. Bb5 Nxe3 25. fxe3 Nxb5 26. axb5 Bxc3+ 27. Kf2 Bxa1
28. Rxa1 Ke7 29. Nf4 Kd6 30. Rc1 Rb8 31. Rb1 a4 32. Ne2 a3 33. Nd4 a2 0-1

[Event "4NCL Division 2d"]
[Site "Hinckley Island ENG"]
[Date "2015.05.02"]
[Round "9.30"]
[White "Purdon, Colin"]
[Black "Hewitt, William AR"]
[Result "1/2-1/2"]
[WhiteElo "2057"]
[BlackElo "2061"]
[PlyCount "56"]
[EventDate "2015.05.02"]
[WhiteTeam "BCM Dragons [1]"]
[BlackTeam "Rhyfelwyr Essyllwg 1"]

1. d4 Nf6 2. c4 g6 3. Nc3 d5 4. cxd5 Nxd5 5. Bd2 Nb6 6. e4 Qxd4 7. Qc2 Bg7 8.
Nge2 Qd8 9. O-O-O O-O 10. Bf4 Bd7 11. h4 e5 12. Be3 Na6 13. Ng3 h5 14. Bb5 c6
15. Bxa6 bxa6 16. Qd3 Bg4 17. f3 Qxd3 18. Rxd3 Be6 19. Rhd1 Bf6 20. Bg5 Bxg5+
21. hxg5 Rfe8 22. b3 Kf8 23. Nh1 Ke7 24. Nf2 Rad8 25. Rxd8 Rxd8 26. Rxd8 Kxd8
27. Nd3 Nd7 28. Nb4 Nb8 1/2-1/2

[Event "4NCL Division 2d"]
[Site "Hinckley Island ENG"]
[Date "2015.05.02"]
[Round "9.31"]
[White "Martin Perez, Javier"]
[Black "Scrimgour, Alan"]
[Result "1/2-1/2"]
[WhiteElo "2038"]
[BlackElo "2071"]
[PlyCount "42"]
[EventDate "2015.05.02"]
[WhiteTeam "Rhyfelwyr Essyllwg 1"]
[BlackTeam "BCM Dragons [1]"]

1. e4 c5 2. Nf3 e6 3. d4 cxd4 4. Nxd4 Nc6 5. Nc3 Qc7 6. Ndb5 Qb8 7. a4 Bc5 8.
Qg4 Kf8 9. Qg5 Be7 10. Qg3 Qxg3 11. hxg3 a6 12. Na3 Nf6 13. Bf4 d5 14. exd5
exd5 15. O-O-O Be6 16. f3 Rc8 17. Nab1 d4 18. Ne2 Bc5 19. Nd2 h6 20. g4 Nd5 21.
Ne4 Be7 1/2-1/2